INTRODUCCION A LA PSICOLOGIA DE LOS GRUPOS /

שמור ב:
מידע ביבליוגרפי
מחבר ראשי: Gil Rodríguez, Francisco (coord.)
פורמט: ספר
סדרה:(Psicología Pirámide)
נושאים:
תגים: הוספת תג
אין תגיות, היה/י הראשונ/ה לתייג את הרשומה!

MARC

LEADER 00000nam^a2200000^a^4500
001 000242779
005 20250521000000.0
009 20260310105309.548
020 |a 84-368-1298-0 
035 |a 066509 
037 |a Acervo Xavier Clavigero 
082 |a 302.  |b INT 
100 |a Gil Rodríguez, Francisco  |e (coord.) 
245 1 0 |a INTRODUCCION A LA PSICOLOGIA DE LOS GRUPOS /  |c COORD. FRANCISCO GIL RODRIGUEZ 
264 |a Madrid, España :  |b Pirámide,  |c 1998 
300 |a 511 p. 
336 |a texto  |b txt  |2 rdacontenido 
337 |a sin mediación  |b n  |2 rdamedio 
338 |a volumen  |b nc  |2 rdasoporte 
440 1 |a (Psicología Pirámide) 
649 |a XX 
650 |a Grupos Sociales 
650 |a Psicología Social 
910 |a Fondo General 
920 |a Impresos - Libros 
930 |a Colección General 
905 |a 101 
901 |a 066509  |b IT1  |c ACC  |i 066509  |u 20250521 
902 |a https://opac.biblio.iteso.mx/vufind/Record/000242779